000
00335nam a2200157Ia 4500
008
210210b xxu||||| |||| 00| 0 eng d
041
_a
eng
082
_a
878/59
100
_a
VADKKUMKOOR
245
_a
Sri kalidasam
260
_a
_b
Not Mentioned
_c
650
_a
Sri
650
_a
kalidasam
690
_a
Malayalam
906
_a
002736
999
_c
124712
_d
124712